[Event "Pardubice rapid op 34th"]
[Site "Pardubice"]
[Date "2023.07.20"]
[Round "6"]
[White "Movsesian, Sergei"]
[Black "Percivaldi, Martin"]
[Result "1-0"]
[WhiteElo "2617"]
[BlackElo "2407"]
[PlyCount "57"]
[EventDate "2023.07.19"]
[EventType "swiss (rapid)"]
[EventRounds "9"]
[EventCountry "CZE"]
[SourceTitle "CBM 215 Extra"]
[Source "ChessBase"]
[SourceDate "2023.09.30"]
[SourceVersion "1"]
[SourceVersionDate "2023.09.30"]
[SourceQuality "1"]

1. e4 e6 2. d4 d5 3. e5 c5 4. c3 Qb6 5. Nf3 Nc6 6. Be2 cxd4 7. cxd4 Nge7 8. Na3 Nf5 9. Nc2 Nb4 10. Nxb4 Bxb4+ 11. Kf1 Be7 12. h4 Bd7 13. h5 0-0-0 14. a4 Bb4 15. Rh3 a5 16. g4 Ne7 17. h6 Rhg8 18. Ng5 f6 19. exf6 gxf6 20. Nxh7 e5 21. Be3 e4 22. Qc1+ Kb8 23. Bf4+ Ka8 24. Bc7 Qxd4 25. Bxd8 Rxd8 26. Qc7 Nc6 27. Rd1 Qc5 28. Nxf6 Rf8 29. h7 1-0

[Event "Pardubice rapid op 34th"]
[Site "Pardubice"]
[Date "2023.07.19"]
[Round "2"]
[White "Dovzhenko, Viktor"]
[Black "Percivaldi, Martin"]
[Result "0-1"]
[WhiteElo "2013"]
[BlackElo "2407"]
[PlyCount "90"]
[EventDate "2023.07.19"]
[EventType "swiss (rapid)"]
[EventRounds "9"]
[EventCountry "CZE"]
[SourceTitle "CBM 215 Extra"]
[Source "ChessBase"]
[SourceDate "2023.09.30"]
[SourceVersion "1"]
[SourceVersionDate "2023.09.30"]
[SourceQuality "1"]

1. e4 e6 2. Qe2 c5 3. Nf3 Nc6 4. c3 Be7 5. g3 d5 6. d3 Nf6 7. Bg2 b6 8. 0-0 a5 9. a4 Ba6 10. e5 Nd7 11. Re1 b5 12. axb5 Bxb5 13. c4 dxc4 14. dxc4 Ba6 15. Nc3 Rb8 16. h4 0-0 17. Bf4 Nd4 18. Nxd4 cxd4 19. Ne4 Nc5 20. Nd6 d3 21. Qe3 Nb3 22. Rad1 Bxd6 23. Rxd3 Bc5 24. Rxd8 Bxe3 25. Rxf8+ Kxf8 26. Rxe3 Bxc4 27. Rc3 Rb4 28. Be3 Ke8 29. Be4 h6 30. Bc2 a4 31. Bxb3 axb3 32. Bc5 Ra4 33. Ba3 Rxa3 34. Rxc4 Ra2 35. Rc8+ Kd7 36. Rb8 Rxb2 37. Rb7+ Kc6 38. Rxf7 Rb1+ 39. Kg2 b2 40. Rxg7 Re1 41. Rg6 Kd5 42. Rxh6 b1Q 43. f4 Qc2+ 44. Kh3 Qf5+ 45. Kg2 Qg4 0-1

[Event "DEN-chT 2223 60th"]
[Site "Denmark"]
[Date "2023.03.05"]
[Round "7.1"]
[White "Percivaldi, Martin"]
[Black "Liu, Casper Yukun"]
[Result "1/2-1/2"]
[WhiteElo "2400"]
[BlackElo "2317"]
[PlyCount "49"]
[EventDate "2022.10.29"]
[EventType "team-tourn"]
[EventRounds "9"]
[EventCountry "DEN"]
[SourceTitle "CBM 213 Extra"]
[Source "ChessBase"]
[SourceDate "2023.05.31"]
[SourceVersion "1"]
[SourceVersionDate "2023.05.31"]
[SourceQuality "1"]
[WhiteTeam "Hillerod"]
[BlackTeam "BMS"]
[WhiteTeamCountry "DEN"]
[BlackTeamCountry "DEN"]

1. Nf3 c5 2. g3 Nf6 3. Bg2 Nc6 4. c4 d5 5. 0-0 d4 6. e3 e5 7. exd4 cxd4 8. Re1 Bd6 9. b4 Nxb4 10. Nxe5 0-0 11. a3 Na6 12. d3 Nc5 13. Nf3 Bf5 14. Bf1 Bg4 15. Bb2 Nfd7 16. Nbd2 Ne5 17. h3 Bh5 18. g4 Nexd3 19. Bxd3 Nxd3 20. gxh5 Qd7 21. Qb3 Qxh3 22. Qxd3 Bh2+ 23. Kh1 Bg3+ 24. Kg1 Bh2+ 25. Kh1 1/2-1/2

[Event "Rilton Cup 50th"]
[Site "Stockholm"]
[Date "2022.12.28"]
[Round "2"]
[White "Percivaldi, Martin"]
[Black "Livaic, Leon"]
[Result "1/2-1/2"]
[WhiteElo "2412"]
[BlackElo "2572"]
[PlyCount "61"]
[EventDate "2022.12.27"]
[EventType "swiss"]
[EventRounds "9"]
[EventCountry "SWE"]
[SourceTitle "CBM 212 Extra"]
[Source "ChessBase"]
[SourceDate "2023.03.31"]
[SourceVersion "1"]
[SourceVersionDate "2023.03.31"]
[SourceQuality "1"]

1. d4 Nf6 2. c4 e6 3. Nf3 d5 4. Nc3 Bb4 5. Qa4+ Nc6 6. e3 0-0 7. Bd2 dxc4 8. Bxc4 Bd6 9. Qc2 a6 10. a3 e5 11. dxe5 Nxe5 12. Nxe5 Bxe5 13. f4 Bxc3 14. Bxc3 Qe7 15. 0-0 Rd8 16. Rf3 Be6 17. Bd3 h6 18. e4 Qc5+ 19. Kh1 Ng4 20. b4 Qc6 21. h3 Nf6 22. Bxf6 Qxc2 23. Bxc2 gxf6 24. Rc3 Rac8 25. Rd1 Rxd1+ 26. Bxd1 Kf8 27. Kg1 Rd8 28. Be2 Rd2 29. Kf2 c6 30. Ke3 Rb2 31. Bf3 1/2-1/2

[Event "DEN-ch"]
[Site "Svendborg"]
[Date "2022.04.16"]
[Round "8"]
[White "Percivaldi, Martin"]
[Black "Ochsner, Bjorn Moller"]
[Result "0-1"]
[WhiteElo "2399"]
[BlackElo "2506"]
[PlyCount "78"]
[EventDate "2022.04.09"]
[EventType "tourn"]
[EventRounds "9"]
[EventCountry "DEN"]
[EventCategory "8"]
[SourceTitle "CBM 207 Extra"]
[Source "ChessBase"]
[SourceDate "2022.05.31"]
[SourceVersion "1"]
[SourceVersionDate "2022.05.31"]
[SourceQuality "1"]

1. d4 Nf6 2. c4 g6 3. f3 Bg7 4. e4 d6 5. Nc3 0-0 6. Nge2 c5 7. d5 e6 8. Ng3 exd5 9. cxd5 h5 10. Bg5 a6 11. a4 Qc7 12. Qd2 Nh7 13. Bh6 h4 14. Bxg7 Kxg7 15. Nge2 Qe7 16. Nf4 Nd7 17. Be2 Ne5 18. 0-0 Bd7 19. Rab1 Qg5 20. b4 c4 21. Bd1 Kg8 22. Bc2 b5 23. a5 f5 24. Nce2 fxe4 25. fxe4 Rf6 26. Rf2 Raf8 27. Rbf1 Ng4 28. Rf3 Ne5 29. R3f2 Ng4 30. Rf3 Qh6 31. Qd4 Ne5 32. R3f2 Ng4 33. Rf3 Ng5 34. Ra3 Ne5 35. Qa7 Bg4 36. Raa1 Bxe2 37. Nxe2 Nh3+ 38. gxh3 Qg5+ 39. Ng3 hxg3 0-1

[Event "DEN-ch"]
[Site "Svendborg"]
[Date "2022.04.13"]
[Round "5"]
[White "Borge, Nikolaj"]
[Black "Percivaldi, Martin"]
[Result "0-1"]
[WhiteElo "2403"]
[BlackElo "2399"]
[PlyCount "78"]
[EventDate "2022.04.09"]
[EventType "tourn"]
[EventRounds "9"]
[EventCountry "DEN"]
[EventCategory "8"]
[SourceTitle "CBM 207 Extra"]
[Source "ChessBase"]
[SourceDate "2022.05.31"]
[SourceVersion "1"]
[SourceVersionDate "2022.05.31"]
[SourceQuality "1"]

1. e4 e5 2. Nf3 Nc6 3. Bc4 Bc5 4. 0-0 Nf6 5. d3 0-0 6. c3 d5 7. exd5 Nxd5 8. b4 Be7 9. b5 Na5 10. Nxe5 Bf6 11. f4 Bxe5 12. fxe5 Nxc3 13. Nxc3 Qd4+ 14. Rf2 Nxc4 15. dxc4 Qxc3 16. Bb2 Qxc4 17. Rc1 Qxb5 18. Rxc7 Be6 19. Qf3 Qa5 20. Re7 Qxa2 21. h3 Qd5 22. Qe3 a5 23. Rd2 Qb5 24. Ba3 Qb1+ 25. Kh2 b5 26. Rb2 Qf1 27. Rf2 Qc4 28. Bd6 Rfe8 29. Rc7 Qb3 30. Rc3 Qb1 31. Qf4 Rac8 32. Rg3 g6 33. Rf1 Qc2 34. Qh6 Rc3 35. Rxf7 Bxf7 36. e6 Bxe6 37. Be5 Rc7 38. h4 Bf5 39. Rc3 Qxc3 0-1

[Event "DEN-chT 2021"]
[Site "Denmark"]
[Date "2020.10.25"]
[Round "2.3"]
[White "Bank, Pelle Rodkjaer"]
[Black "Percivaldi, Martin"]
[Result "1/2-1/2"]
[WhiteElo "2298"]
[BlackElo "2374"]
[PlyCount "69"]
[EventDate "2020.10.24"]
[EventType "team-tourn"]
[EventRounds "9"]
[EventCountry "DEN"]
[SourceTitle "EXT 2025"]
[Source "ChessBase"]
[SourceDate "2024.10.14"]
[SourceVersion "1"]
[SourceVersionDate "2024.10.14"]
[SourceQuality "1"]
[WhiteTeam "SK1968"]
[BlackTeam "Hillerod"]
[WhiteTeamCountry "DEN"]
[BlackTeamCountry "DEN"]

1. c4 e6 2. Nc3 f5 3. g3 Nf6 4. Bg2 c6 5. Nf3 d5 6. 0-0 Be7 7. d3 0-0 8. Re1 Na6 9. Bf4 d4 10. Nb1 Bd6 11. e3 dxe3 12. Bxe3 e5 13. a3 f4 14. Bd2 Nc5 15. Bc3 e4 16. dxe4 Ncxe4 17. Bd4 Bg4 18. Nbd2 Nc5 19. Qc2 fxg3 20. hxg3 Ne6 21. Be5 Bxe5 22. Rxe5 Nd4 23. Qc3 Nxf3+ 24. Nxf3 Qd7 25. Rae1 Rae8 26. Rxe8 Rxe8 27. Rxe8+ Qxe8 28. Ne5 Be6 29. Qd4 a6 30. b4 Nd7 31. c5 Nxe5 32. Qxe5 Qd7 33. Be4 g6 34. Kh2 Bd5 35. Qb8+ 1/2-1/2

[Event "DEN-chT 1920 58th"]
[Site "Denmark"]
[Date "2020.02.23"]
[Round "7.4"]
[White "Percivaldi, Martin"]
[Black "Dumas, Charles"]
[Result "1/2-1/2"]
[WhiteElo "2384"]
[BlackElo "2245"]
[PlyCount "73"]
[EventDate "2019.11.23"]
[EventType "team-tourn"]
[EventRounds "9"]
[EventCountry "DEN"]
[SourceTitle "EXT 2021"]
[Source "ChessBase"]
[SourceDate "2020.10.23"]
[SourceVersion "1"]
[SourceVersionDate "2020.10.23"]
[SourceQuality "1"]
[WhiteTeam "Koge Xtracon"]
[BlackTeam "Aarhus/Skolerne"]
[WhiteTeamCountry "DEN"]
[BlackTeamCountry "DEN"]

1. d4 Nf6 2. c4 e6 3. Nf3 Bb4+ 4. Nbd2 b6 5. a3 Bxd2+ 6. Qxd2 Bb7 7. g3 0-0 8. Bg2 d6 9. 0-0 c5 10. b3 Nc6 11. Rd1 Qe7 12. dxc5 dxc5 13. Bb2 Rfd8 14. Qc2 h6 15. e3 Rxd1+ 16. Rxd1 Rd8 17. Rxd8+ Qxd8 18. Ne5 Qc7 19. Nd3 Ne7 20. Bxb7 Qxb7 21. Bxf6 gxf6 22. b4 Qe4 23. bxc5 bxc5 24. Qc3 Qf5 25. e4 Qf3 26. Qd2 Qxe4 27. Nxc5 Qb1+ 28. Kg2 Nf5 29. Qd8+ Kg7 30. Nd7 Nh4+ 31. gxh4 Qg6+ 32. Kf1 Qb1+ 33. Ke2 Qc2+ 34. Kf3 Qd3+ 35. Kg2 Qg6+ 36. Kh3 Qd3+ 37. Kg2 1/2-1/2